| 000 -LEADER |
| fixed length control field |
02821nam a2200301 a 4500 |
| 001 - CONTROL NUMBER |
| control field |
ASIN0195979036 |
| 005 - DATE AND TIME OF LATEST TRANSACTION |
| control field |
20170105102931.0 |
| 008 - FIXED-LENGTH DATA ELEMENTS--GENERAL INFORMATION |
| fixed length control field |
140416s2010 xxu eng d |
| 020 ## - INTERNATIONAL STANDARD BOOK NUMBER |
| International Standard Book Number |
0195979036 (hardcover) |
| Terms of availability |
$45.00 |
| 020 ## - INTERNATIONAL STANDARD BOOK NUMBER |
| International Standard Book Number |
9780195979039 (hardcover) |
| 040 ## - CATALOGING SOURCE |
| Original cataloging agency |
0 |
| 050 04 - LIBRARY OF CONGRESS CALL NUMBER |
| Classification number |
UA840 |
| 082 04 - DEWEY DECIMAL CLASSIFICATION NUMBER |
| Classification number |
355.033554 |
| Author Mark |
CHE 2010 |
| 100 1# - MAIN ENTRY--PERSONAL NAME |
| Personal name |
Cheema, Zafar Iqbal. |
| 245 10 - TITLE STATEMENT |
| Title |
Indian nuclear deterrence : |
| Remainder of title |
its evolution, development and implications for south asian security / |
| Statement of responsibility, etc. |
Zafar Iqbal Cheema. |
| 260 ## - PUBLICATION, DISTRIBUTION, ETC. |
| Place of publication, distribution, etc. |
[S.l.] : |
| Name of publisher, distributor, etc. |
Oxford University Press, USA, |
| Date of publication, distribution, etc. |
2010. |
| 300 ## - PHYSICAL DESCRIPTION |
| Extent |
500 p. ; |
| Dimensions |
25 cm. |
| 520 ## - SUMMARY, ETC. |
| Summary, etc. |
The significance of Indian Nuclear Deterrence is that it establishes the fallacy of conventional perspectives on Indian nuclear deterrence--that the Indian nuclear program entailed 'exclusively peaceful uses' during the Nehru era and the development of weapons capability was initiated by the government of Lal Bahadur Shastri after the first Chinese nuclear explosion in 1964. On the contrary, the book provides incontrovertible documentary evidence that Dr. Homi J. Bhabha formulated with Nehru's approval a nuclear weapons development strategy within the structural framework of the Indian civilian nuclear program. Nehru was interested in a nuclear weapons capability for a 'deterrent in extremis'. The central premise of Indian Nuclear Deterrence is that BJP government's decision to carry out the May 1998 nuclear tests was not an original one, but a step prefigured in a strategic continuum whose genesis dates back to the late 1950s. It suggests that the declaration of Indian nuclear deterrence after the May 1998 nuclear tests, the weaponization of Indian nuclear capability and the pronouncement of the Draft Nuclear Doctrine (DND) were not separate from earlier policies, but instead were part of that strategic continuum. The study analyzes the dynamics of Indian nuclear deterrence, Indian nuclear doctrine, and their implications for South Asian security. It is the first time that mostly primary archival, and documentary research material from diverse sources has been explored to write a book on this topic. It is more comprehensive than any other book on this subject in terms both of its timeframe (1947 until now) and of the issues covered--the evolution, development, dynamics, and implications of Indian nuclear deterrence for South Asian Security. Indian Nuclear Deterrence is also the first book on the topic written from a Pakistani perspective. |
| 650 #0 - SUBJECT ADDED ENTRY--TOPICAL TERM |
| Topical term or geographic name entry element |
Deterrence (Strategy) |
| 650 #0 - SUBJECT ADDED ENTRY--TOPICAL TERM |
| Topical term or geographic name entry element |
India |
| 650 #0 - SUBJECT ADDED ENTRY--TOPICAL TERM |
| Topical term or geographic name entry element |
Military policy |
| 650 #0 - SUBJECT ADDED ENTRY--TOPICAL TERM |
| Topical term or geographic name entry element |
National security |
| 650 #0 - SUBJECT ADDED ENTRY--TOPICAL TERM |
| Topical term or geographic name entry element |
Nuclear warfare |
| 650 #0 - SUBJECT ADDED ENTRY--TOPICAL TERM |
| Topical term or geographic name entry element |
Nuclear weapons |
| 650 #0 - SUBJECT ADDED ENTRY--TOPICAL TERM |
| Topical term or geographic name entry element |
South Asia |
| 856 40 - ELECTRONIC LOCATION AND ACCESS |
| Materials specified |
Amazon.com |
| Uniform Resource Identifier |
<a href="http://www.amazon.com/exec/obidos/ASIN/0195979036/chopaconline-20">http://www.amazon.com/exec/obidos/ASIN/0195979036/chopaconline-20</a> |
| 942 ## - ADDED ENTRY ELEMENTS (KOHA) |
| Source of classification or shelving scheme |
|
| Koha item type |
Book |